000 01428cam a2200229 4500
008 040427n2003 000 0 eng u
020 _a0110473248
035 _a(Sirsi) u128647
041 _aeng
245 _aLeasehold Valuation Tribunals (Fees) (England) Regulations 2003
260 _aLondon
_bHMSO
_c2003
490 _aSI
_v2003: 2098
520 _aMakes provision for fees in respect of applications to and hearings before Leasehold Valuation Tribunals including cases transferred from a court. Reg 3 prescribes fees payable for applicitions to tribunals, Reg 3 deals with fees for cases transferred from a court, Reg 5 prescribes a set hearing fee of £150, and Reg 7 contains provisions dealing with liability to pay fees due and Reg 8 provides for the waivering of fees. Reg 9 provides for reimbursement of fees. Replaces with amendments the Leasehold Valuation Tribunals (Fees) Order 1997. See Explanatory Note for further details. View at www.legislation.hmso.gov.uk.
590 _aCLR
650 _aLEASEHOLD VALUATION TRIBUNALS
650 _aLEASEHOLD VALUATION TRIBUNALS (FEES) (ENGLAND) REGULATIONS 2003
650 _aLEASEHOLD VALUATION TRIBUNAL FEES
650 _aLEASEHOLD VALUATION TRIBUNALS (FEES) ORDER 1997
690 _aLANDLORD AND TENANT-LEASEHOLD REFORM
856 _uhttps://www.legislation.hmso.gov.uk/si/si2003/20032098.htm
_zView the Regulations on the HMSO website...
942 _n0
999 _c103968
_d103968